000 00563nam a22002177a 4500
003 UA-OsUOA
001 135814
007 ta
008 20190218b un ||||| |||| 00| 0 ukr d
100 _aМафтин Н.
090 _a82
_bМ35
942 _cSA
040 _aUA-OsUOA
_bukr
_cUA-OsUOA
_dUA-OsUOA
245 _aІдеал краси у творчості Лесі Українки
300 _aС.39-46
955 _a0
041 _aukr
080 _a82
773 0 _w135811
650 7 _a82 Література. Літературознавство
_2UDC
999 _c409017
_d409017